Rupaul's Drag Race Season 7 Queens In Order - Statistics

General Stats
  • This quiz has been taken 256 times
  • The average score is 12 of 14
Answer Stats
Place Answer % Correct
14th Tempest Dujour
95%
5th Katya
90%
Runner-ups Ginger Minj
89%
Runner-ups Pearl
88%
1st Violet Chachki
88%
4th Kennedy Davenport
87%
12th Jasmine Masters
86%
13th Sasha Belle
85%
11th Trixie Mattel
84%
9th Kandy Ho
78%
8th Max
78%
6th Miss Fame
78%
10th Mrs. Kasha Davis
77%
7th Jaidynn Diore Fierce
68%
No matching quizzes found
Score Distribution
Percent of People with Each Score
Percentile by Number Answered
Your Score History
You have not taken this quiz